000
00249nam a22000857a 4500
008
161017b xxu||||| |||| 00| 0 eng d
100
_9
873
_a
Jim Henson Comp
245
_a
Bear's Bedtime Wish
260
_a
Newyork
_b
Simon&schuster Children's Publications
_c
1999
999
_c
3526
_d
3526